00000000nam 2200000zi 4500
0019.955231
003CaOODSP
00520250912131401
006m     o  d f      
007cr cn|||||||||
008250912e20250414onc     ob   f000 0 eng d
040 |aCaOODSP|beng|erda|cCaOODSP
043 |an-cn---
0861 |aRv55-8/2-5-11-2025E-PDF
24500|aGuidelines for commercial air carriers for the processing of prescribed traveller information.
250 |a[April 14, 2025 edition].
264 1|aOttawa : |b[Canada Border Services Agency = Agence des services frontaliers du Canada], |cApril 14, 2025.
300 |a1 online resource (22 unnumbered pages).
336 |atext|btxt|2rdacontent
337 |acomputer|bc|2rdamedia
338 |aonline resource|bcr|2rdacarrier
4901 |a[Memorandum], |x2369-2391 ; |v[D2-5-11]
500 |aCaption title.
500 |aIssued also in French under title: Lignes directrices à l'intention des transporteurs aériens commerciaux pour le traitement des renseignements réglementaires relatifs aux voyageurs.
500 |a"Superseded D memoranda D2-5-11 dated December 20, 2021."
504 |aIncludes bibliographical references.
520 |a"The Canada Border Services Agency requirements and policies for commercial air carriers to follow when providing passenger information. Includes details air carriers must share about travellers on entry, as well as exit information for those leaving Canada"--Key content, page [1].
650 0|aAirlines|xPassenger lists|zCanada.
650 0|aAirline passenger security screening|zCanada.
7102 |aCanada Border Services Agency, |eissuing body.
77508|tLignes directrices à l'intention des transporteurs aériens commerciaux pour le traitement des renseignements réglementaires relatifs aux voyageurs.|w(CaOODSP)9.955234
795 |tGuidelines for commercial air carriers for the processing of prescribed traveller information.|b[December 2, 2021 edition]|w(CaOODSP)9.912297
830#0|aMemorandum (Canada Border Services Agency)|x2369-2391 ; |vD2-5-11.|w(CaOODSP)9.816825
85640|qPDF|s247 KB|uhttps://publications.gc.ca/collections/collection_2025/asfc-cbsa/Rv55-8-2-5-11-2025-eng.pdf
8564 |qHTML|sN/A|uhttps://www.cbsa-asfc.gc.ca/publications/dm-md/d2/d2-5-11-eng.html